Normal view
MARC view
- Goutard, Adolphe. [from old catalog]
Entry Personal Name
001 - CONTROL NUMBER
- control field: 49028
003 - CONTROL NUMBER IDENTIFIER
- control field: NUST
005 - DATE AND TIME OF LATEST TRANSACTION
- control field: 20210314134224.0
008 - FIXED-LENGTH DATA ELEMENTS
- fixed length control field: 210314|| aca||aabn | a|a d
040 ## - CATALOGING SOURCE
- Original cataloging agency: NUST
- Transcribing agency: NUST
100 ## - HEADING--PERSONAL NAME
- Personal name: Goutard, Adolphe. [from old catalog]
670 ## - SOURCE DATA FOUND
- Source citation: Work cat.: (NUST): Goutard, Adolphe. [from old catalog], The Battle of France, 1940., [1958]
